000 01513nam a2200361 a 4500
999 _c357763
_d357763
001 270.008-SCh.it CIP ca (23106)
003 CaOOAMICUS
005 20180122101219.0
008 080908s2008 it 001 0 ita d
020 _a9788870946352
040 _aPUG
_bita
_dmv
_cIT-MiSPE
041 1 _aita
_alat
084 _a30 CT
084 _a33 G
100 1 _aCyprianus, Thascius Caecilius,
_cs.,
_dfl. ca.200-258.
_956811
240 1 0 _aAd Demetrianum.
_lLatino e italiano
245 1 0 _aA Demetriano /
_cCipriano di Cartagine ; introduzione, testo critico e commento Jean-Claude Fredouille ; traduzione Attilio Carpin.
260 _aRoma :
_bEdizioni San Clemente ;
_aBologna :
_bEdizioni Studio Domenicano,
_c2008.
300 _a235 p. ;
_c20 cm
490 1 _aSources chrétiennes.
_aEdizione italiana ;
_v005
500 _aTraduzione italiana con testo latino a fronte
504 _aBibliografia (pp. 61-67) e indici
655 7 _aPatrologia. Generalità
_xCollane - Varia.
_2local
_956812
655 7 _aPatrologia latina (eccetto Augustinus, Aurelius, s.)
_xCyprianus, Thascius Caecilius, s., fl. ca.200-258.
_2local
_956813
700 1 _aFredouille, Jean-Claude,
_eed.
_956827
700 1 _aCarpin, Attilio,
_co.p.,
_etr.
_956828
830 0 _aSources chrétiennes.
_pEdizione italiana ;
_v005.
_956829
942 _2ddc
_cBK
990 1 0 _a90001a
_b10001acd
990 1 0 _a90002a
_b10001acd